| 000 | 00436nam a2200181Ia 4500 | ||
|---|---|---|---|
| 008 | 210210b1965 xxu||||| |||| 00| 0 eng d | ||
| 041 | _aeng | ||
| 082 | _a336/77 | ||
| 100 | _aHUGHES (Davis) | ||
| 245 | _aAmerican economic history | ||
| 260 |
_aIllinois _bRichard D Irwin, Inc. _c1965 |
||
| 650 | _ahistory | ||
| 650 | _aeconomic | ||
| 650 | _aAmerican | ||
| 690 | _aEconomic History | ||
| 700 | _aMcDOUGALL | ||
| 906 | _a004814 | ||
| 999 |
_c128340 _d128340 |
||